| 000 | 01171nam a2200301Ia 4500 | ||
|---|---|---|---|
| 001 | ebr10465701 | ||
| 003 | CaPaEBR | ||
| 006 | m u | ||
| 007 | cr cn||||||||| | ||
| 008 | 810114r19801964nyu sb 001 0 eng d | ||
| 020 | _z0195028104 | ||
| 020 | _z9780195028102 | ||
| 040 |
_aCaPaEBR _cCaPaEBR |
||
| 035 | _a(OCoLC)844263089 | ||
| 050 | 1 | 4 |
_aBX8495.W5 _bZ4 1980eb |
| 100 | 1 |
_aWesley, John, _d1703-1791. |
|
| 245 | 1 | 0 |
_aJohn Wesley _h[electronic resource] / _cedited by Albert C. Outler. |
| 260 |
_aNew York : _bOxford University Press, _c1980, c1964. |
||
| 300 | _axii, 516 p. | ||
| 504 | _aIncludes bibliographical references (p. 500-506) and index. | ||
| 533 |
_aElectronic reproduction. _bPalo Alto, Calif. : _cebrary, _d2013. _nAvailable via World Wide Web. _nAccess may be limited to ebrary affiliated libraries. |
||
| 650 | 0 | _aMethodist Church. | |
| 650 | 0 |
_aTheology _xHistory _y18th century. |
|
| 655 | 7 |
_aElectronic books. _2local |
|
| 700 | 1 |
_aOutler, Albert Cook, _d1908-1989. |
|
| 710 | 2 | _aebrary, Inc. | |
| 856 | 4 | 0 |
_uhttp://site.ebrary.com/lib/rucke/Doc?id=10465701 _zAn electronic book accessible through the World Wide Web; click to view |
| 999 |
_c242458 _d242458 |
||